| Tag |
First Indicator |
Second Indicator |
Subfields |
| LEADER |
00000cam a2200000 a 4500 |
| 001 |
in00001185921 |
| 005 |
20200720163740.0 |
| 008 |
930421r19931959vaub b 001 0 eng d |
| 020 |
|
|
|a 1561900427
|
| 035 |
|
|
|a (OCoLC)27959208
|
| 035 |
|
|
|9 AGH0539AM
|
| 040 |
|
|
|a VPL
|c VPL
|d TXA
|d UtOrBLW
|
| 049 |
|
|
|a TXAM
|
| 090 |
|
|
|a E470.3
|b .P45 1993
|
| 092 |
|
|
|a 975.5903
|b P558l
|
| 100 |
1 |
|
|a Phillips, Edward Hamilton,
|d 1910-1973.
|
| 245 |
1 |
4 |
|a The lower Shenandoah Valley in the Civil War :
|b the impact of war upon the civilian population and upon civil institutions /
|c Edward H. Phillips.
|
| 250 |
|
|
|a 1st ed.
|
| 264 |
|
1 |
|a Lynchburg, Va. :
|b H.E. Howard,
|c [1993]
|
| 264 |
|
4 |
|c ©1993
|
| 300 |
|
|
|a 224 pages :
|b 1 map ;
|c 24 cm.
|
| 336 |
|
|
|a text
|b txt
|2 rdacontent
|
| 337 |
|
|
|a unmediated
|b n
|2 rdamedia
|
| 338 |
|
|
|a volume
|b nc
|2 rdacarrier
|
| 490 |
1 |
|
|a Virginia Civil War battles and leaders series
|
| 500 |
|
|
|a Reprint of thesis, 1959, University of North Carolina.
|
| 504 |
|
|
|a Includes bibliographical references and index.
|
| 651 |
|
0 |
|a Shenandoah River Valley (Va. and W. Va.)
|x History
|y Civil War, 1861-1865.
|
| 830 |
|
0 |
|a Virginia Civil War battles and leaders series.
|
| 999 |
|
|
|a MARS
|
| 999 |
f |
f |
|s 865d6ab1-3d48-3ae1-97fb-32b4f3ade20c
|i 4a3bf89c-e57c-33b4-9679-a742f555a797
|t 0
|
| 952 |
f |
f |
|p normal
|a Texas A&M University
|b College Station
|c Sterling C. Evans Library
|d Evans: Library Stacks
|t 0
|e E470.3 .P45 1993
|h Library of Congress classification
|i unmediated -- volume
|m A14818527819
|
| 998 |
f |
f |
|a E470.3 .P45 1993
|t 0
|l Evans: Library Stacks
|